Sistema de clasificación decimal: tablas e índice alfabético auxiliar
Guardat en:
| Autor principal: | |
|---|---|
| Format: | Llibre |
| Idioma: | espanyol |
| Publicat: |
Nueva York
Forest
1955
|
| Edició: | 15a. ed |
| Matèries: | |
| Etiquetes: |
Afegir etiqueta
Sense etiquetes, Sigues el primer a etiquetar aquest registre!
|
MARC
| LEADER | 00000nam a2200000 a 4500 | ||
|---|---|---|---|
| 001 | UCT3527 | ||
| 003 | CL-VaPUC | ||
| 008 | 961024e19550000us |||||||||||||||||spa|d | ||
| 082 | 0 | 4 | |a 025.431 |b DEW |2 21 |
| 100 | 0 | |a Dewey, Melvil |e author |9 372444 | |
| 245 | 1 | 0 | |a Sistema de clasificación decimal: tablas e índice alfabético auxiliar |
| 250 | |a 15a. ed | ||
| 300 | |a 1059 p | ||
| 942 | |c BK | ||
| 945 | |d 19961024 00:00:00 |a paguirre | ||
| 260 | |a Nueva York |b Forest |c 1955 | ||
| 650 | 7 | |a CATALOGACION |2 CL-VaPUC |9 334529 | |
| 650 | 7 | |a REGISTROS BIBLIOGRAFICOS |2 CL-VaPUC |9 372445 | |
| 650 | 7 | |a DESCRIPCION BIBLIOGRAFICA |2 CL-VaPUC |9 372446 | |
| 583 | |a last modification |c 20180417 05:16:22 |k Rodrigo Vera | ||
| 999 | |c 253143 |d 253141 | ||
| 952 | |0 0 |1 0 |4 0 |6 025_431000000000000_DEW_1955 |7 0 |8 P |9 273684 |a BIBARQ |b BIBARQ |d 2019-11-19 |i 3279995 |l 3 |o 025.431 DEW 1955 |p 3279995 |r 2025-01-20 |s 2023-11-16 |w 2019-11-19 |y BK |k ARQ | ||